header

The invention of discovery, 1500-1700 (Record no. 128254)

MARC details
000 -LEADER
fixed length control field 01556nam a2200385Ia 4500
082 04 - DEWEY DECIMAL CLASSIFICATION NUMBER
Classification number 509
245 04 - TITLE STATEMENT
Title The invention of discovery, 1500-1700
260 ## - PUBLICATION, DISTRIBUTION, ETC. (IMPRINT)
Place of publication Burlington, VT :
Name of publisher Ashgate,
Year of publication 2011.
300 ## - PHYSICAL DESCRIPTION
Number of Pages viii, 217 p.
490 1# - SERIES STATEMENT
Series statement Literary and scientific cultures of early modernity
650 #0 - SUBJECT ADDED ENTRY--TOPICAL TERM
Topical Term Discoveries in science
Topical Term Inventions
Topical Term Inventions
Topical Term Knowledge, Theory of
Topical Term Knowledge, Theory of
Topical Term Renaissance.
700 1# - ADDED ENTRY--PERSONAL NAME
Personal name Fleming, James Dougal,
856 40 - ELECTRONIC LOCATION AND ACCESS
Uniform Resource Identifier http://site.ebrary.com/lib/rucke/Doc?id=10464426

No items available.

© 2026 Rongo University
Contact us: librarian | system librarian | Rongo university